Normal view
MARC view
- Velde,Mandy van der/paul jansen neil anderson
Entry Personal Name
001 - CONTROL NUMBER
- control field: 1252
003 - CONTROL NUMBER IDENTIFIER
- control field: JO-AjAnu
005 - DATE AND TIME OF LATEST TRANSACTION
- control field: 20230606070517.0
008 - FIXED-LENGTH DATA ELEMENTS
- fixed length control field: 230606|| aca||aabn | a|a d
040 ## - CATALOGING SOURCE
- Original cataloging agency: JO-AjAnu
- Transcribing agency: JO-AjAnu
100 ## - HEADING--PERSONAL NAME
- Personal name: Velde,Mandy van der/paul jansen neil anderson
670 ## - SOURCE DATA FOUND
- Source citation: Work cat.: (JO-AjAnu)660: Velde,Mandy van der/paul jansen neil anderson, author, MANAGEMENT RESARACH METHODS